La estética musical desde la antigüedad hasta el siglo XX
Zapisane w:
| 1. autor: | |
|---|---|
| Format: | Książka |
| Język: | hiszpański |
| Wydane: |
Madrid, España:
Alianza,
1999.
|
| Wydanie: | 1a. ed |
| Seria: | El Libro Universitario. Manuales, Arte y Música
|
| Hasła przedmiotowe: | |
| Etykiety: |
Dodaj etykietę
Nie ma etykietki, Dołącz pierwszą etykiete!
|
MARC
| LEADER | 00000nam a2200000 a 4500 | ||
|---|---|---|---|
| 001 | UCK3697 | ||
| 003 | CL-VaPUC | ||
| 005 | 20250310144757.0 | ||
| 008 | 050506e19990000SP |||||||||||||||||spa|d | ||
| 999 | |c 312815 |d 312813 | ||
| 020 | |a 8420681881 | ||
| 040 | |c Pontificia Universidad Católica de Valparaíso | ||
| 082 | |a 780.1 FUB 1999 |2 21 | ||
| 100 | 0 | |a Fubini, Enrico |e author |9 491938 | |
| 245 | 1 | 3 | |a La estética musical desde la antigüedad hasta el siglo XX |
| 250 | |a 1a. ed | ||
| 260 | |a Madrid, España: |b Alianza, |c 1999. | ||
| 300 | |a 569 páginas. | ||
| 490 | 0 | |a El Libro Universitario. Manuales, Arte y Música | |
| 583 | |a last modification |c 20050506 00:00:00 |k Rodrigo Vera | ||
| 650 | 0 | |a Estética musical |9 265497 | |
| 650 | 0 | |a Filosofía del arte |9 264951 | |
| 650 | 0 | |a Historia de la música |9 306741 | |
| 650 | 0 | |a Estilos musicales |9 471725 | |
| 942 | |c BK |2 ddc | ||
| 945 | |d 20050506 00:00:00 |a cmena | ||
| 952 | |0 0 |1 0 |2 ddc |4 0 |6 780_100000000000000_FUB_1999 |7 0 |8 A |9 383650 |a BIBEDU |b BIBEDU |d 2019-11-21 |i 4106326 |o 780.1 FUB 1999 |p 4106326 |r 2023-01-12 |w 2019-11-21 |y BK |k MUS | ||